Essential Communication Skills for Dynamic Development : (Record no. 171530)

MARC details
000 -LEADER
fixed length control field 00599nam a2200181 4500
005 - DATE AND TIME OF LATEST TRANSACTION
control field 20200115115827.0
010 ## - LCCN (DPL NO)
LC control number ENG-127375
020 ## - INTERNATIONAL STANDARD BOOK NUMBER
International Standard Book Number 9788181523754
Terms of availability 1350.00
035 ## - SYSTEM CONTROL NUMBER
System control number EN-110907
037 ## - SOURCE OF ACQUISITION
Source of stock number/acquisition DBAD/PUB
082 ## - DEWEY DECIMAL CLASSIFICATION NUMBER
Classification number 658.45
100 ## - MAIN ENTRY--PERSONAL NAME
Personal name Mouli,T.Sai Chandra
245 ## - TITLE STATEMENT
Title Essential Communication Skills for Dynamic Development :
Statement of responsibility, etc by T.Sai Chandra Mouli
Remainder of title /
260 ## - PUBLICATION, DISTRIBUTION, ETC. (IMPRINT)
Place of publication, distribution, etc Jaipur
Name of publisher, distributor, etc Book Enclave
Date of publication, distribution, etc 2016
270 ## - ADDRESS
Address F-11,S.S Tower Dhamani Street,Chaura Rasta
City Jaipur
Postal code 302003
Electronic mail address Bookenclave@yahoo.com
300 ## - PHYSICAL DESCRIPTION
Extent VIII;212p.
Dimensions 23cm(Hb)
942 ## - ADDED ENTRY ELEMENTS (KOHA)
Source of classification or shelving scheme Dewey Decimal Classification
Item type English Books
Classification part 658.45
Call number suffix MOU
Holdings
Withdrawn status Lost status Not for loan Collection code Home library Current library Date acquired Source of acquisition Cost, normal purchase price Full call number Barcode Copy number Cost, replacement price Koha item type
      Non-fiction Sarojini Nagar Sarojini Nagar 15/01/2020 DBAD/PUB 1350.00 658.45 MOU EN-110907 1 1350.00 English Books

© Delhi Public Library
Hit Counter
free hit counter